Základná škola, Rača - Východné

Na minha lista:
Detalhes bibliográficos
Autor principal: Boldovják, Dalibor (Author)
Outros Autores: Andráš, Milan (Thesis advisor)
Formato: Manuscrito Livro
Idioma:eslovaco
Publicado em: 2025
Assuntos:
Acesso em linha:http://is.stuba.sk/zp/portal_zp.pl?podrobnosti=185560
Tags: Adicionar Tag
Sem tags, seja o primeiro a adicionar uma tag!

MARC

LEADER 00000ntm a22000003a 4500
001 stuzp104505
003 SK-STU
005 20250607210552.5
007 ta
008 150427s2015----xo-----f-mn---000-0-slo-d
040 |a STU  |b slo 
041 0 |a slo 
100 1 |a Boldovják, Dalibor  |u 058180  |4 aut  |U FAD Fakulta architektúry a dizajnu  |T FAD Ústav architektúry občianskych budov  |X 103664  |U A8180  |Y 399  |7 103664 
242 0 1 |a Raca-Vychodne, Elementary School  |y eng 
245 1 0 |a Základná škola, Rača - Východné 
260 |c 2025 
650 4 |a Raca  |2 eng 
650 4 |a educational building  |2 eng 
650 4 |a architectural study  |2 eng 
650 4 |a primary school  |2 eng 
650 4 |a Rača  |2 slo 
650 4 |a edukačná budova  |2 slo 
650 4 |a základná škola  |2 slo 
650 4 |a architektonická štúdia  |2 slo 
700 1 |a Andráš, Milan  |4 ths  |X 4208  |7 A000004208 
856 4 |u http://is.stuba.sk/zp/portal_zp.pl?podrobnosti=185560